00311nam a2200121Ia 4500008004100000100002000041245004100061260003400102300000900136650002000145942000700165999001700172190216s9999||||xx |||||||||||||| ||und|| aRadhakrishnan C 0aPullippulikalum Vellinakshtrgangalum b"Hi Tech Books , Kochi"c1987 a234p aMalayalam Novel cBK c26032d26032